Statistics for Ariana Grande - Imagine Lyrics

Click here to take the quiz!

General Stats

  • This quiz has been taken 426 times
  • The average score is 194 of 235

Answer Stats

Lyric% Correct
a
99%
I
99%
I'm
98%
Imagine
98%
imagine
98%
Like
98%
like
98%
that
97%
world
97%
you
96%
of
94%
in
93%
the
93%
go
92%
Me
92%
me
92%
your
92%
and
91%
Can
91%
up
91%
We
91%
we
91%
no
90%
off
88%
take
87%
sleep
86%
clothes
85%
Kiss
85%
kiss
85%
know
84%
us
84%
car
83%
good
83%
Love
83%
my
83%
nobody
83%
on
83%
so
83%
neck
82%
ooh
82%
'til
82%
Why
82%
chest
81%
Get
81%
can't
80%
knows
80%
with
80%
all
79%
Bubbles
79%
bubbly
79%
face
79%
how
79%
makeup
79%
fits
78%
bathtub
77%
night
77%
skrrt
77%
Step
77%
this
77%
This
77%
Click
76%
click
76%
Drip
76%
drip
76%
let's
76%
noon
76%
never
75%
post
75%
two
75%
feel
74%
gold
74%
Stayin'
74%
is
71%
order
71%
quick
71%
Quick
71%
Then
71%
gon'
70%
pad
70%
thai
69%
it
68%
it?
68%
pleasure
68%
act
66%
dripped
66%
do
63%
be
62%
regular
61%
baby
60%
Baby
60%
first
60%
perfect
59%
were
59%
after
58%
movies
58%
breath
57%
deep
57%
Tell
57%
it's
56%
shit
56%
Knew
55%
secrets
55%
Took
55%
creep
54%
true
54%
thought
53%
would
52%
asleep
50%
credits
50%
Feels
50%
forever
50%
That's
49%
direct
45%
name
40%

Score Distribution

Percentile by Number Answered

Percent of People with Each Score

Your Score History

You have not taken this quiz